Statistics for General Knowledge Quiz #75

Click here to take the quiz!

General Stats

  • This quiz has been taken 38,602 times
    (13,227 since last reset)
  • The average score is 12 of 20

Answer Stats

Question Answer % Correct
Who is Tarzan's girlfriend?Jane
90%
What is "flu" short for?Influenza
84%
What company makes fragrance No. 5?Chanel
83%
What trilogy can be described as a quest to return unwanted jewelry?The Lord of the Rings
78%
The capital of I is ND. What does I stand for?India
78%
What city is home to the Van Gogh Museum - the world's largest collection
of Vincent Van Gogh artwork?
Amsterdam
71%
What space telescope has been in orbit since 1990?Hubble Space Telescope
71%
In what sport might you see a "triple axel"?Figure Skating
70%
What country produces the most olive oil?Spain
68%
What city-state defeated Athens in the Peloponnesian War?Sparta
68%
What company is responsible for 17% of South Korea's GDP?Samsung
66%
What Disney film features a red-haired princess named Merida?Brave
64%
What is a teeter-totter more commonly called?Seesaw
55%
What major African city has a name that means "lakes" in Portuguese?Lagos
52%
What musician was known as "The Man in Black"?Johnny Cash
47%
In English, Wednesday is named for the Norse god Odin. But, in French, that day
is named Mercredi. Who is Mercredi named for?
Mercury
46%
Who composed "The Marriage of Figaro"?Wolfgang Amadeus Mozart
43%
What is a common synonym for the word "smörgåsbord"?Buffet
42%
On what holiday would one have a Seder?Passover
35%
What poet wrote "Leaves of Grass"?Walt Whitman
25%

Score Distribution

Percentile by Number Answered

Percent of People with Each Score

Your Score History

You have not taken this quiz since the last reset